000 00692nam a2200265Ia 4500
003 OSt
005 20221006160209.0
006 a|||||r|||| 00| 0
007 ta
008 221006b |||||||| |||| 00| 0 eng d
020 _a9788943302764
_cW12,000
024 _a44,592
037 _bGift,
_cTextual
040 _aEASL
_cEASL
_beng
041 _2eng
_aeng
082 _aO495,3, N6
100 _aYang Jae-hong
_9672361
245 0 _aFive wonderful superhero friends
260 _aGyeonggi
_bBorim Press Korea
_c1996
300 _a34p.
_ccm.
490 _v KEL
650 _aKEL
942 _hO495,3, N6
_cTEXL
_2CC
999 _c1112684
_d1112684